000
00267nam a2200109Ia 4500
008
190913s9999||||xx |||||||||||||| ||und||
100
_a
Lexicon Publications
245
0
_a
Lexicon Universal Encyclopedia
260
_a
USA
_b
Lexicon
_c
2000
300
_a
922
942
_c
BK
999
_c
8285
_d
8285